[Event "HUN-chT2 Charousek 0809"]
[Site "Hungary"]
[Date "2009.02.22"]
[Round "8"]
[White "Jagicza, Istvan"]
[Black "Nagy, Gabor"]
[Result "0-1"]
[WhiteElo "2189"]
[BlackElo "2228"]
[PlyCount "78"]
[EventDate "2008.10.26"]
[EventType "tourn"]
[EventRounds "11"]
[EventCountry "HUN"]
[SourceTitle "EXT 2010"]
[Source "ChessBase"]
[SourceDate "2010.11.25"]
[SourceVersion "1"]
[SourceVersionDate "2010.11.25"]
[SourceQuality "1"]
[WhiteTeam "Barcza"]
[BlackTeam "Sarvar"]
[WhiteTeamCountry "HUN"]
[BlackTeamCountry "HUN"]

1. Nf3 Nf6 2. d4 e6 3. c4 c5 4. e3 cxd4 5. Nxd4 a6 6. a3 d5 7. Nc3 dxc4 8. Bxc4 Bd6 9. Qe2 0-0 10. h3 e5 11. Nf3 e4 12. Nd2 b5 13. Ba2 Bb7 14. Bb1 Qe7 15. Nb3 Nc6 16. Bd2 Rad8 17. Nd4 Bb8 18. Nxc6 Bxc6 19. Na2 Rfe8 20. Nb4 Bb7 21. Bc3 Qc7 22. Ba2 Nd7 23. 0-0-0 Ne5 24. Rxd8 Rxd8 25. Rd1 Rxd1+ 26. Qxd1 a5 27. Kb1 Qd6 28. Nd5 h6 29. Qd4 b4 30. axb4 axb4 31. Bxb4 Qa6 32. Bb3 Qd3+ 33. Ka2 Kh7 34. Nf4 Nc6 35. Qc3 Qb5 36. Bf8 Be5 37. Qc5 Qa6+ 38. Qa3 Qf1 39. Bxf7 Ba6 0-1

[Event "HUN-chT2 Maroczy 0708"]
[Site "Hungary"]
[Date "2008.02.17"]
[Round "6"]
[White "Jagicza, Istvan"]
[Black "Monus, Zoltan"]
[Result "1-0"]
[WhiteElo "2191"]
[BlackElo "2147"]
[PlyCount "59"]
[EventDate "2007.10.14"]
[EventType "team-tourn"]
[EventRounds "11"]
[EventCountry "HUN"]
[SourceTitle "EXT 2009"]
[Source "ChessBase"]
[SourceDate "2008.11.26"]
[SourceVersion "1"]
[SourceVersionDate "2008.11.26"]
[SourceQuality "1"]
[WhiteTeam "Fuzesabony"]
[BlackTeam "Oroshaza"]
[WhiteTeamCountry "HUN"]
[BlackTeamCountry "HUN"]

1. d4 Nf6 2. c4 g6 3. Nc3 Bg7 4. e4 d6 5. Nf3 0-0 6. Be2 Nbd7 7. 0-0 e5 8. h3 c6 9. Be3 exd4 10. Nxd4 Re8 11. f3 d5 12. cxd5 cxd5 13. Ndb5 Nb6 14. Bf4 Nh5 15. Bh2 Bxh3 16. f4 a6 17. gxh3 d4 18. e5 dxc3 19. Nxc3 Qh4 20. Bxh5 gxh5 21. Qf3 Nc4 22. Rf2 Rad8 23. Ne4 h6 24. b3 Na5 25. Rc1 Nc6 26. Rg2 Kh7 27. Rf1 Nd4 28. Qd3 Kh8 29. Nd6 Ne6 30. Nxf7+ 1-0

[Event "HUN-chT2 Maroczy 0607"]
[Site "Hungary"]
[Date "2007.02.18"]
[Round "5"]
[White "Mate, Laszlo"]
[Black "Jagicza, Istvan"]
[Result "1-0"]
[WhiteElo "2350"]
[BlackElo "2202"]
[PlyCount "55"]
[EventDate "2006.11.12"]
[EventType "team-tourn"]
[EventRounds "11"]
[EventCountry "HUN"]
[SourceTitle "EXT 2008"]
[Source "ChessBase"]
[SourceDate "2007.11.25"]
[SourceVersion "1"]
[SourceVersionDate "2007.11.25"]
[SourceQuality "1"]
[WhiteTeam "Teva"]
[BlackTeam "Fuzesabony"]
[WhiteTeamCountry "HUN"]
[BlackTeamCountry "HUN"]

1. c4 Nf6 2. Nc3 c5 3. Nf3 Nc6 4. d4 cxd4 5. Nxd4 g6 6. e4 d6 7. Be2 Bg7 8. Be3 0-0 9. f3 Nh5 10. Nc2 f5 11. exf5 Bxf5 12. Qd2 Nf6 13. 0-0 b6 14. Rac1 Qd7 15. Nd5 Be6 16. Rfd1 Rfd8 17. Bg5 Rf8 18. b4 Rac8 19. Nce3 Kh8 20. Nxf6 Bxf6 21. Bxf6+ Rxf6 22. c5 Ne5 23. cxd6 Rxc1 24. Qxc1 exd6 25. Qc3 Kg7 26. Qd4 h5 27. a3 Bf5 28. Nd5 1-0

[Event "HUN-chT2 Maroczy 0607"]
[Site "Hungary"]
[Date "2006.12.03"]
[Round "3"]
[White "Jagicza, Istvan"]
[Black "D Albini, Geza"]
[Result "1/2-1/2"]
[WhiteElo "2202"]
[BlackElo "2122"]
[PlyCount "38"]
[EventDate "2006.11.12"]
[EventType "team-tourn"]
[EventRounds "11"]
[EventCountry "HUN"]
[SourceTitle "EXT 2008"]
[Source "ChessBase"]
[SourceDate "2007.11.25"]
[SourceVersion "1"]
[SourceVersionDate "2007.11.25"]
[SourceQuality "1"]
[WhiteTeam "Fuzesabony"]
[BlackTeam "Vizugy"]
[WhiteTeamCountry "HUN"]
[BlackTeamCountry "HUN"]

1. d4 c5 2. Nf3 cxd4 3. Nxd4 d5 4. g3 e5 5. Nb3 Nf6 6. Bg2 Be7 7. 0-0 h6 8. N1d2 Nc6 9. Nf3 Be6 10. c3 0-0 11. Be3 Ng4 12. Bc5 Nf6 13. h3 Nd7 14. Bxe7 Qxe7 15. e3 Rfd8 16. Qe2 Nb6 17. Rfd1 a6 18. Kh2 Rac8 19. Rac1 f5 1/2-1/2

[Event "HUN-chT2 Maroczy 0607"]
[Site "Hungary"]
[Date "2006.11.26"]
[Round "2"]
[White "Bartos, Tamas"]
[Black "Jagicza, Istvan"]
[Result "1/2-1/2"]
[WhiteElo "2141"]
[BlackElo "2202"]
[PlyCount "34"]
[EventDate "2006.11.12"]
[EventType "team-tourn"]
[EventRounds "11"]
[EventCountry "HUN"]
[SourceTitle "EXT 2008"]
[Source "ChessBase"]
[SourceDate "2007.11.25"]
[SourceVersion "1"]
[SourceVersionDate "2007.11.25"]
[SourceQuality "1"]
[WhiteTeam "Maroczy"]
[BlackTeam "Fuzesabony"]
[WhiteTeamCountry "HUN"]
[BlackTeamCountry "HUN"]

1. d4 c5 2. d5 d6 3. c4 e5 4. e4 Be7 5. Nc3 Bg5 6. Bxg5 Qxg5 7. Nf3 Qe7 8. Bd3 Nf6 9. 0-0 0-0 10. a3 Bg4 11. h3 Bh5 12. Be2 Bg6 13. Qc2 Nh5 14. b4 Nd7 15. Rfd1 b6 16. Bf1 h6 17. b5 Bh7 1/2-1/2

[Event "HUN-chT2 Maroczy 0607"]
[Site "Hungary"]
[Date "2006.11.12"]
[Round "1"]
[White "Jagicza, Istvan"]
[Black "Feher, Attila"]
[Result "1/2-1/2"]
[WhiteElo "2202"]
[BlackElo "2172"]
[PlyCount "27"]
[EventDate "2006.11.12"]
[EventType "team-tourn"]
[EventRounds "11"]
[EventCountry "HUN"]
[SourceTitle "EXT 2008"]
[Source "ChessBase"]
[SourceDate "2007.11.25"]
[SourceVersion "1"]
[SourceVersionDate "2007.11.25"]
[SourceQuality "1"]
[WhiteTeam "Fuzesabony"]
[BlackTeam "Husi"]
[WhiteTeamCountry "HUN"]
[BlackTeamCountry "HUN"]

1. d4 Nf6 2. Nf3 c6 3. c4 d5 4. e3 g6 5. Nc3 Bg7 6. Be2 0-0 7. 0-0 dxc4 8. Bxc4 b5 9. Bd3 b4 10. Ne4 Nxe4 11. Bxe4 Ba6 12. Re1 Qd6 13. Qb3 Nd7 14. a3 1/2-1/2

[Event "HUN-chT2 Erkel 0506"]
[Site "Hungary"]
[Date "2006.02.26"]
[Round "8"]
[White "Gal, Gabor"]
[Black "Jagicza, Istvan"]
[Result "1/2-1/2"]
[WhiteElo "2221"]
[BlackElo "2221"]
[PlyCount "64"]
[EventDate "2005.10.16"]
[EventType "team-tourn"]
[EventRounds "11"]
[EventCountry "HUN"]
[SourceTitle "EXT 2009"]
[Source "ChessBase"]
[SourceDate "2008.11.26"]
[SourceVersion "1"]
[SourceVersionDate "2008.11.26"]
[SourceQuality "1"]
[WhiteTeam "Vasarteri"]
[BlackTeam "Fuzesabony"]
[WhiteTeamCountry "HUN"]
[BlackTeamCountry "HUN"]

1. d4 c5 2. e3 e6 3. Nf3 Nf6 4. c4 b6 5. Nc3 Bb7 6. Be2 d5 7. dxc5 Bxc5 8. cxd5 Nxd5 9. Bb5+ Ke7 10. Bd2 a6 11. Be2 Nxc3 12. Bxc3 Qxd1+ 13. Rxd1 f6 14. 0-0 Nc6 15. a3 b5 16. Rc1 Bb6 17. Rc2 Rac8 18. Rfc1 Rhd8 19. Kf1 Ke8 20. h4 Kf7 21. b4 g6 22. Bb2 e5 23. Nd2 Ne7 24. Bf3 Bxf3 25. Nxf3 Rxc2 26. Rxc2 Rc8 27. Rxc8 Nxc8 28. Ke2 Nd6 29. Nd2 Ke6 30. Kd3 f5 31. g3 Kd5 32. Bc1 e4+ 1/2-1/2

[Event "HUN-chT2 Erkel 0405"]
[Site "Hungary"]
[Date "2005.04.24"]
[Round "11"]
[White "Jagicza, Istvan"]
[Black "Posa, Norbert"]
[Result "0-1"]
[WhiteElo "2229"]
[BlackElo "2145"]
[PlyCount "80"]
[EventDate "2004.09.26"]
[EventType "team-tourn"]
[EventRounds "11"]
[EventCountry "HUN"]
[SourceTitle "EXT 2009"]
[Source "ChessBase"]
[SourceDate "2008.11.26"]
[SourceVersion "1"]
[SourceVersionDate "2008.11.26"]
[SourceQuality "1"]
[WhiteTeam "Fuzesabony"]
[BlackTeam "Foti"]
[WhiteTeamCountry "HUN"]
[BlackTeamCountry "HUN"]

1. d4 Nf6 2. c4 e6 3. a3 d5 4. Nc3 Be7 5. Nf3 0-0 6. e3 b6 7. cxd5 exd5 8. Bd3 Bg4 9. h3 Bh5 10. Qa4 Bxf3 11. gxf3 Qd7 12. Qxd7 Nbxd7 13. Bb5 Rfd8 14. Bc6 Rab8 15. b4 Nf8 16. b5 Ng6 17. Bb2 Bf8 18. Rc1 Ne7 19. Na2 Nxc6 20. Rxc6 Ne8 21. Kd2 Nd6 22. a4 Nc4+ 23. Kc2 Rd7 24. Bc3 a6 25. bxa6 Ra8 26. Ra1 Rxa6 27. Nc1 Ba3 28. Rxc4 dxc4 29. Rxa3 Rd6 30. Ne2 Rh6 31. a5 Rxh3 32. Bb4 bxa5 33. f4 Rh2 34. Be1 h5 35. Ra4 c6 36. Ng1 h4 37. e4 h3 38. Kd1 Rh1 39. Nf3 h2 40. Ke2 Rxe1+ 0-1

[Event "HUN-chT2 Erkel 0304"]
[Site "Hungary"]
[Date "2004.03.21"]
[Round "9"]
[White "Jagicza, Istvan"]
[Black "Bandy, Attila"]
[Result "0-1"]
[WhiteElo "2291"]
[BlackElo "2238"]
[PlyCount "64"]
[EventDate "2003.09.28"]
[EventType "team-tourn"]
[EventRounds "11"]
[EventCountry "HUN"]
[SourceTitle "EXT 2009"]
[Source "ChessBase"]
[SourceDate "2008.11.26"]
[SourceVersion "1"]
[SourceVersionDate "2008.11.26"]
[SourceQuality "1"]
[WhiteTeam "Fuzesabony"]
[BlackTeam "Godollo"]
[WhiteTeamCountry "HUN"]
[BlackTeamCountry "HUN"]

1. d4 d5 2. Bf4 c6 3. e3 Nf6 4. h3 Bf5 5. Nf3 e6 6. Be2 Qb6 7. Qc1 Be7 8. 0-0 0-0 9. c4 c5 10. Nc3 dxc4 11. Bxc4 Nbd7 12. d5 exd5 13. Bxd5 Bd8 14. Bc4 Bc7 15. Bxc7 Qxc7 16. Nb5 Qc6 17. a4 a6 18. Nc3 Bxh3 19. Nd5 Nxd5 20. gxh3 N5b6 21. Be2 Nxa4 22. b3 Nab6 23. Qc3 Rfe8 24. Rac1 Re6 25. Rfd1 Rae8 26. Kf1 Rf6 27. Ng1 Nd5 28. Rxd5 Qxd5 29. Rd1 Qc6 30. b4 b5 31. Bf3 Rxf3 32. Nxf3 Qxf3 0-1

[Event "HUN-chT2 Erkel 0203"]
[Site "Hungary"]
[Date "2003.03.23"]
[Round "9"]
[White "Jagicza, Istvan"]
[Black "Bauer, Peter2"]
[Result "1-0"]
[WhiteElo "2290"]
[BlackElo "2195"]
[PlyCount "81"]
[EventDate "2002.09.22"]
[EventType "team-tourn"]
[EventRounds "11"]
[EventCountry "HUN"]
[SourceTitle "EXT 2009"]
[Source "ChessBase"]
[SourceDate "2008.11.26"]
[SourceVersion "1"]
[SourceVersionDate "2008.11.26"]
[SourceQuality "1"]

1. d4 Nf6 2. c4 e6 3. a3 d5 4. Nc3 Be7 5. Bf4 c6 6. e3 Nbd7 7. Bd3 dxc4 8. Bxc4 Nb6 9. Bd3 Nbd5 10. Be5 Bd6 11. Nf3 Bxe5 12. Nxe5 Ne7 13. 0-0 0-0 14. f4 g6 15. Qe2 Nd7 16. b4 f6 17. Nc4 Nb6 18. Ne4 Nxc4 19. Bxc4 Nd5 20. Nc5 b6 21. Nb3 f5 22. Qd2 Qd6 23. Nc1 Nf6 24. Nd3 Re8 25. Rfb1 Bb7 26. Ne5 Rac8 27. Rd1 Re7 28. Qa2 Kg7 29. Rac1 Rcc7 30. Qb3 Ne4 31. Bd3 Nf6 32. Be2 Qd8 33. Rc2 Qc8 34. Rdc1 Ne4 35. Bf3 c5 36. dxc5 bxc5 37. Bxe4 Bxe4 38. Rxc5 Rxc5 39. Rxc5 Qb7 40. Qb2 Kg8 41. Qc3 1-0

[Event "HUN-chT2 Erkel 0203"]
[Site "Hungary"]
[Date "2003.03.02"]
[Round "8"]
[White "Lazar, Andras"]
[Black "Jagicza, Istvan"]
[Result "1-0"]
[WhiteElo "2097"]
[BlackElo "2290"]
[PlyCount "99"]
[EventDate "2002.09.22"]
[EventType "team-tourn"]
[EventRounds "11"]
[EventCountry "HUN"]
[SourceTitle "EXT 2009"]
[Source "ChessBase"]
[SourceDate "2008.11.26"]
[SourceVersion "1"]
[SourceVersionDate "2008.11.26"]
[SourceQuality "1"]

1. e4 c5 2. Nf3 e6 3. d4 cxd4 4. Nxd4 Nf6 5. Nc3 d6 6. Be3 a6 7. g4 Nc6 8. g5 Nd7 9. Be2 Be7 10. Rg1 Nde5 11. h4 0-0 12. f4 Nxd4 13. Qxd4 Nc6 14. Qb6 Qxb6 15. Bxb6 Bd7 16. 0-0-0 Rac8 17. Bg4 Rfe8 18. e5 h5 19. Bh3 Nb8 20. exd6 Bd8 21. Be3 Bc6 22. f5 exf5 23. Bxf5 Bd7 24. Bxd7 Nxd7 25. Nd5 Re4 26. Rge1 Kf8 27. Bf4 Rcc4 28. Bg3 Nc5 29. Kb1 Rg4 30. b3 Rce4 31. Bf2 Nd7 32. Rxe4 Rxe4 33. c4 f5 34. Re1 Rxe1+ 35. Bxe1 Kf7 36. Nc7 Ne5 37. Bg3 Nd7 38. b4 Bxc7 39. dxc7 Nb6 40. Kc2 Ke6 41. Kd3 g6 42. Kd4 Kd7 43. c5 Na8 44. c8Q+ Kxc8 45. Ke5 Nc7 46. Kf6 Nd5+ 47. Kxg6 f4 48. Be1 f3 49. Kf7 Nxb4 50. g6 1-0

[Event "Eger Cup"]
[Site "Eger"]
[Date "1995.??.??"]
[Round "?"]
[White "Dovzik, Juri"]
[Black "Jagicza, Istvan"]
[Result "1-0"]
[WhiteElo "2370"]
[BlackElo "2320"]
[PlyCount "25"]
[EventDate "1995.??.??"]
[EventType "swiss"]
[EventRounds "9"]
[EventCountry "HUN"]
[SourceTitle "EXT 1999"]
[Source "ChessBase"]
[SourceDate "1998.11.16"]
[SourceVersion "1"]
[SourceVersionDate "1998.11.16"]
[SourceQuality "1"]

1. e4 c5 2. Nf3 Nc6 3. d4 cxd4 4. Nxd4 e6 5. Nc3 Nf6 6. Ndb5 d6 7. Bf4 Ne5 8. Qd4 a6 9. 0-0-0 axb5 10. Bxe5 Nd5 11. Bxb5+ Bd7 12. Bxd7+ Kxd7 13. exd5 1-0